Nhật ký chiến tranh /

Spremljeno u:
Bibliografski detalji
Glavni autor: Chu Cẩm Phong.
Format: Knjiga
Jezik:Vietnamese
Izdano: Hà Nội : Văn học, 2000.
Teme:
Oznake: Dodaj oznaku
Bez oznaka, Budi prvi tko označuje ovaj zapis!
Thư viện lưu trữ: Mạng thư viện Đại học Đà Nẵng
LEADER 00824cam a2200337 i 4500
001 000042590
003 464
005 20040526153829.0
008 010217b2000 vm 000 vie
020 |c 82000 
022 |a T 
040 |a IRC  |c IRC  |d IRC 
041 0 |a vie 
082 1 4 |a 895.9283403  |b CH-P 
100 1 |a Chu Cẩm Phong. 
245 0 0 |a Nhật ký chiến tranh /  |c Chu Cẩm Phong. 
260 |a Hà Nội :  |b Văn học,  |c 2000. 
300 |a 962tr. ;  |c 19cm. 
630 0 4 |a Chiến tranh. 
630 0 4 |a Nhật ký chiến tranh. 
650 0 4 |a Văn học  |x Nhật ký. 
OWN |a DUT 
999 |a From the UDN01 
TYP |a Monograph 
TYP |a Printed language 
980 |a Mạng thư viện Đại học Đà Nẵng